| 000 | 00836cam a22002415a 4500 | ||
|---|---|---|---|
| 001 | 12909651 | ||
| 005 | 20180513140553.0 | ||
| 008 | 020828t2003 nyua frb 001 0 eng d | ||
| 020 | _a0471221783 | ||
| 020 | _a9780471221784 | ||
| 040 |
_aDLC _cDLC _dDLC _dEG-ScBUE _beng |
||
| 082 | 0 | 4 |
_222 _a658.404 _bCHA |
| 100 | 1 |
_aCharvat, Jason, _d1967- |
|
| 245 | 1 | 0 |
_aProject management methodologies : _bselecting, implementing, and supporting methodologies, and processes for projects / _cJason Charvat. |
| 260 |
_aHoboken : _bJohn Wiley & Sons, _cc.2003. |
||
| 300 |
_axx, 264 p. : _bill. ; _c24 cm. |
||
| 504 | _aIncludes bibliographical references and index. | ||
| 650 | 7 |
_aProject management. _2BUEsh _911664 |
|
| 650 | 7 |
_aIndustrial management _xMethodology. _2BUEsh |
|
| 651 | _2BUEsh | ||
| 653 |
_bGGEN _bBUSADM _cMay2018 |
||
| 942 | _2ddc | ||
| 999 |
_c26710 _d26682 |
||